000 00373nam a2200145Ia 4500
008 230312s9999||||xx |||||||||||||| ||und||
020 _a0-7864-3172-4
082 _a791.4302
_bLIS-G
100 _aLisanti;Tom
245 0 _aGlamour Girls of Sixties Hollywood
260 _bMcfarland
_aLondon
_c2008
300 _a242
650 _aMass com
_vMass Communication
942 _cBK
999 _c11500
_d11500